MARC details
| 000 -LÍDER |
| campo de controle de tamanho fixo |
01327nam a2200301 4500 |
| 001 - NÚMERO DE CONTROLE |
| campo de controle |
60 |
| 003 - IDENTIFICADOR DO NÚMERO DE CONTROLE |
| campo de controle |
OSt |
| 005 - DATA E HORÁRIO DA ÚLTIMA TRANSAÇÃO |
| campo de controle |
20250528074010.0 |
| 008 - CAMPO DE DADOS FIXOS--INFORMAÇÃO GERAL |
| campo de controle de tamanho fixo |
250122b |||||||g |||| 00| 1 eng d |
| 040 ## - FONTE DA CATALOGAÇÃO |
| Idioma da catalogação |
por |
| 041 ## - CÓDIGO DE IDIOMA |
| Código do idioma do original e/ou traduções intermediárias do texto |
eng |
| Código do idioma do texto/trilha sonora ou título diferente |
por |
| 082 ## - CDD - CLASSIFICAÇÃO DECIMAL DE DEWEY |
| Número de Classificação |
813 |
| Número do exemplar |
B658m |
| 100 1# - ENTRADA PRINCIPAL--NOME PESSOAL |
| Nome pessoal |
Blume, Judy. |
| Datas associadas ao nome |
1938- |
| 9 (RLIN) |
158 |
| 240 ## - TÍTULO UNIFORME |
| Título uniforme |
Smart Women |
| 245 ## - TÍTULO |
| Título |
Mulheres Sabidas / |
| Indicação de responsabilidade, etc. |
Blume, Judy ; Tradução de Annie Buede |
| 260 ## - PUBLICAÇÃO, DISTRIBUIÇÃO, ETC. |
| Local de publicação, distribuição, etc. |
São Paulo |
| Nome do editor, distribuidor, etc. |
Círculo do Livro |
| Data da publicação, distribuição, etc. |
1983 |
| 300 ## - DESCRIÇÃO FÍSICA |
| Extensão |
298 P. |
| 520 ## - NOTA DE RESUMO, ETC. |
| Resumo, etc. |
Duas pessoas na faixa dos trinta tentam encontrar seu caminho através das complicações do amor pós-casamento neste romance amado da autora best-seller nº 1 do New York Times, Judy Blume. Margo e BB são divorciadas, e cada uma está tentando reinventar sua vida no Colorado — enquanto suas respectivas filhas adolescentes assistem com uma mistura de humor e horror. Mas mesmo as mulheres inteligentes às vezes têm muito a aprender — e aprenderão, quando o ex-marido de BB se mudar para a casa ao lado de Margo... Inclui uma nova introdução do autor |
| 650 #0 - ASSUNTO--TERMO TÓPICO |
| Cabeçalho tópico ou nome geográfico |
Literatura Americana |
| 9 (RLIN) |
84 |
| 650 #0 - ASSUNTO--TERMO TÓPICO |
| Cabeçalho tópico ou nome geográfico |
Amor e Paixão |
| 9 (RLIN) |
25 |
| 650 #0 - ASSUNTO--TERMO TÓPICO |
| Cabeçalho tópico ou nome geográfico |
Familia |
| 9 (RLIN) |
35 |
| 650 #0 - ASSUNTO--TERMO TÓPICO |
| Cabeçalho tópico ou nome geográfico |
Drama |
| 9 (RLIN) |
18 |
| 650 #0 - ASSUNTO--TERMO TÓPICO |
| Cabeçalho tópico ou nome geográfico |
Emponderamento |
| 9 (RLIN) |
32 |
| 655 #0 - TERMO DE ÍNDICE--GÊNERO E FORMA |
| Gênero/forma/ou termo foco |
Romance |
| 655 #0 - TERMO DE ÍNDICE--GÊNERO E FORMA |
| Gênero/forma/ou termo foco |
Ficção |
| 700 ## - ENTRADA ADICIONADA - NOME PESSOAL |
| Nome pessoal |
Annie Buede |
| Função do autor por extenso |
Tradutor |
| 9 (RLIN) |
159 |
| 942 ## - ELEMENTOS DE ENTRADA ADICIONADOS (KOHA) |
| Fonte de classificação ou esquema de arquivamento |
Classificação decimal de Dewey |
| Ocultar no OPAC |
Não |
| Tipo de material Koha |
Livros |